Statistics for Cities and towns of Croatia Quiz by picture

Click here to take the quiz!

General Stats

  • This quiz has been taken 107 times
  • The average score is 9 of 15

Answer Stats

Answer % Correct
Zagreb
99%
Dubrovnik
97%
Split
95%
Zadar
90%
Pula
90%
Rijeka
83%
Osijek
74%
Varaždin
69%
Rovinj
55%
Nin
52%
Trogir
48%
Korčula
31%
Krk
28%
Čakovec
24%
Požega
13%

Score Distribution

Percentile by Number Answered

Percent of People with Each Score

Your Score History

You have not taken this quiz